Coats of Arms: Oceania - Statistics

General Stats
  • This quiz has been taken 60 times
  • The average score is 12 of 14
Answer Stats
Picture Answer % Correct
Kiribati
100%
New Zealand
100%
Australia
94%
Federated States of Micronesia
89%
Fiji
89%
Tonga
89%
Samoa
86%
Palau
83%
Papua New Guinea
83%
Tuvalu
83%
Vanuatu
77%
Marshall Islands
74%
Solomon Islands
74%
Nauru
69%
No matching quizzes found
Score Distribution
Percent of People with Each Score
Percentile by Number Answered
Your Score History
You have not taken this quiz